000 01023nam a2200205Ia 4500
001 17299
003 GE_BSU
008 181216s||||||||xx |||||||||||||| ||und||
040 _cGE_BSU
080 _a821.353.1-32
245 _aმოთხრობები:[დ. ერისთავის, თ.ხუსკივაძის, ი.ნიკოლაიშვილის, ა. დეკანოზიშვილის, რ. ფავლენიშვილის,ივ.ზურაბიშვილის, ელ. წერეთლის და სვ ყიფიანის ნაწარმოებები]
245 _cშემდგ.:ვლ. წოწელია;რედ.:ბ. მირცხულავა;მხატვ.:ს. ცინცაძე
260 _aთბილისი
260 _bსაბჭ.საქართველო
260 _c1965
300 _a543გვ.;21სმ.
300 _eფოტოები
653 _aმოთხრობები
942 _cBK
999 _c50358
_d50358